Quality control of concrete structures. : Proceedings of the International Symposium held by RILEM,Ghent 12-14.6.1991

Na minha lista:
Detalhes bibliográficos
Formato: Livro
Idioma:inglês
Publicado em: London : E. and F.N.Spon, 1991
Tags: Adicionar Tag
Sem tags, seja o primeiro a adicionar uma tag!

MARC

LEADER 00000nam a22000003a 4500
001 stu26851
005 20150408181157.4
008 921223s1991----uk------------------eng-d
020 |a 9-419-15800-6 
040 |a STU  |b slo 
041 0 |a eng 
044 |a uk 
080 |a 666.893 
080 |a 624.1'83412 
245 |a Quality control of concrete structures. :  |b Proceedings of the International Symposium held by RILEM,Ghent 12-14.6.1991 
260 |a London :  |b E. and F.N.Spon,  |c 1991 
300 |a 16,567 s 
996 |c V*40998/O-17377  |l VV1  |s P  |a 0  |w stu26851_0001